000 00729nam a2200253 i 4500
001 C2-0307124
003 PPAK
005 20180728093750.0
008 110109s2010 my |||| ||||| | may d
020 _a9789675778025
040 _aPPAK
_beng
_cPPAK
_erda
082 0 4 _a297.3822
_223
090 0 0 _a297.3822
_bMOH
_dG
100 0 _aMohammad Aiman al-Zuhairi,
_eauthor
245 1 0 _aJadikan solat sebagai penolong hidup mu
264 1 _aRawang, Selangor :
_bPustaka Ilmuan ,
_c2010
300 _axvi, 288 pages ;
_c21 cm
336 _2rdacontent
_atext
337 _2rdamedia
_aunmediated
338 _2rdacarrier
_avolume
650 1 0 _aPrayer - Islam
700 0 _aMohammad Aiman al-Zuhairi,
_ecompile
942 _ddc
_cB
999 _c109910
_d109910